Jak vítězit nad riziky aktivní management rizik - nástroj řízení úspěšných firem

Gespeichert in:
Bibliographische Detailangaben
1. Verfasser: Kruliš, Jiří
Format: Buch
Sprache:Tschechisch
Veröffentlicht: Praha Linde Praha 2011
Schlagworte:
Tags: Tag hinzufügen
Keine Tags, Fügen Sie das erste Tag hinzu!

MARC

LEADER 00000nam a2200000 4500
001 0144014
005 20240313085927.2
020 |a 978-80-7201-835-2 
041 0 |a cze 
044 |a CZ 
245 1 0 |a Jak vítězit nad riziky  |b aktivní management rizik - nástroj řízení úspěšných firem  |c Jiří Kruliš 
264 1 |a Praha  |b Linde Praha  |c 2011 
300 |a 568 s. 
610 2 0 |a riadenie podnikové 
610 2 0 |a riziko 
610 2 0 |a riadenie rizík 
610 2 0 |a analýzy 
610 2 0 |a metódy 
610 2 0 |a riadenie procesné 
610 2 0 |a riadenie ľudských zdrojov 
610 2 0 |a podmienky pracovné 
610 2 0 |a kultúra podniková 
100 1 |a Kruliš, Jiří